Rooms In A House - Statistics

General Stats
  • This quiz has been taken 20 times
  • The average score is 12 of 16
Answer Stats
Hint Answer % Correct
Where you sleep Bedroom
100%
Where you make food Kitchen
100%
Where a tv would be Living room
95%
Put cars here Garage
89%
Where a stay at home worker could work Office
89%
Books Library
84%
Room at the tippy top Attic
79%
Where you eat food Dinning room
79%
Where a invited person would sleep Guest bedroom
79%
The biggest of the room above Master bedroom
79%
Place in the above room where you could store that food Pantry
79%
A bedroom for a brand new baby Nursery
68%
Where you may store items Closet
63%
Where you clean yourself Washroom
42%
A glass Inclosed outdoor room Sunroom
37%
An entry for an area where you would leave jackets and boots Mudroom
26%
No matching quizzes found
Score Distribution
Percent of People with Each Score
Percentile by Number Answered
Your Score History
You have not taken this quiz